| 000 | 00442nam a22001697a 4500 | ||
|---|---|---|---|
| 003 | NUST - PNEC | ||
| 005 | 20170116180838.0 | ||
| 008 | 150812b xxu||||| |||| 00| 0 eng d | ||
| 020 | _a9788131802496 | ||
| 040 | _cLIBRARY | ||
| 082 | _a510 GAN | ||
| 100 |
_95150 _aGandhi, G.P. |
||
| 245 |
_aSolutions to Engineering mathematics Vol.II _cG.P. Gandhi |
||
| 260 |
_aNew Delhi: _cc2009. |
||
| 650 |
_95151 _aMathematics _xME |
||
| 942 |
_2ddc _cBK |
||
| 999 |
_c64301 _d64301 |
||